The forgotten soldier / (Record no. 12207)

000 -LEADER
fixed length control field 00474cam a2200181 a 4500
020 ## - INTERNATIONAL STANDARD BOOK NUMBER
ISBN 1574882856 (alk. paper)
040 ## - CATALOGING SOURCE
Transcribing agency DLC
041 1# - LANGUAGE CODE
Language code of original and/or intermediate translations of text fre
082 00 - DEWEY DECIMAL CLASSIFICATION NUMBER
Classification number 940 BRA 2000 A100 Or.
100 1# - MAIN ENTRY--AUTHOR NAME
Personal name Sajer, Guy.
245 14 - TITLE STATEMENT
Title The forgotten soldier /
260 ## - PUBLICATION, DISTRIBUTION, ETC. (IMPRINT)
Place of publication Washington, D.C. :
Name of publisher Brassey's,
Year of publication c2000.
300 ## - PHYSICAL DESCRIPTION
Number of Pages 465 p., [32] p. of plates :
Other physical details ill. ;
Dimensions 24 cm.
650 #0 - SUBJECT ADDED ENTRY--TOPICAL TERM
Topical Term World War, 1939-1945
650 #0 - SUBJECT ADDED ENTRY--TOPICAL TERM
Topical Term World War, 1939-1945
650 #0 - SUBJECT ADDED ENTRY--TOPICAL TERM
Topical Term Soldiers
942 ## - ADDED ENTRY ELEMENTS (KOHA)
Koha item type សៀវភៅភាសាអង់គ្លេស
952 ## - LOCATION AND ITEM INFORMATION (KOHA)
Withdrawn status [LOCAL, KOHA] 0
Holdings
Permanent Location Date acquired Koha item type Lost status Shelving location Barcode Current Location Full call number
Library Block A2017-08-11សៀវភៅភាសាអង់គ្លេស A100A26268Library Block A940 BRA 2000 A100 Or.
មជ្ឈមណ្ឌលឯការនៃសាកលវិទ្យាល័យភូមិន្ទកសិកម្មចំការដូង

Powered by Koha